000 00948nam a2200181 a 4500
001 52972
005 20180714043030.0
008 140415s1993 xxu 000 0 eng d
020 _a0131386298
041 _aeng
082 _a660
_bPRO
245 0 0 _aPROCESS PLANT LAYOUT AND PIPING DESIGN
250 _a1a ed.
260 _aESTADOS UNIDOS DE AMERICA :
_bPRENTICE HALL INC.,
_c1993
300 _a641
_c21.6 x 2.6 x 27.9
520 _aED BAUSBACHER AND ROGER HUNT DRAW ON MORE THAN 70 YEARS OF EXPERIENCE AS PPLANT LAYOUT DESIGNERS TO OFTER READERS TRIED- AND. TRU METHODS ANS RULES OF THUMB FOR PLANT LAYOUT AND PIPING DESIGN. BECAUSE PLANT LAYOUT AND PPING DESIGNERS MUST TRASLATE A TWO- DIMENSIONAL PROCESS FLOW DIAGRAM IN TO PHYSICAL PLANT IN THEE DIMENSIONS, THIS INDISPENSABLE REFERENCE WILL HELP DESIGNERS IN YHECRUCIAL TASK OF EQUIPMENT AND PIPING CONFIGURATIONS.
650 1 4 _aINGENIERIA QUIMICA
_xDISTRIBUCION EN PLANTA
999 _c52972
_d52972